The Bantam New College Spanish & English Dictionary / (Record no. 617291)

000 -LEADER
fixed length control field 00386nam a22001337a 4500
020 ## - INTERNATIONAL STANDARD BOOK NUMBER
Qualifying information PB.
040 ## - CATALOGING SOURCE
Transcribing agency FIZZA ISHAQ
082 ## - DEWEY DECIMAL CLASSIFICATION NUMBER
Classification number 463.21
Author Mark WIL
100 ## - MAIN ENTRY--PERSONAL NAME
Personal name Williams , Edwin B.
9 (RLIN) 134317
245 ## - TITLE STATEMENT
Title The Bantam New College Spanish & English Dictionary /
Statement of responsibility, etc. Edwin B. Williams.
260 ## - PUBLICATION, DISTRIBUTION, ETC.
Place of publication, distribution, etc. New York:
Name of publisher, distributor, etc. Bantam,
Date of publication, distribution, etc. 1948.
300 ## - PHYSICAL DESCRIPTION
Extent 370 P. ;
Dimensions 6.8 x 4.1 x 1.3 inches,
942 ## - ADDED ENTRY ELEMENTS (KOHA)
Source of classification or shelving scheme
Koha item type Book
Holdings
Withdrawn status Lost status Source of classification or shelving scheme Damaged status Not for loan Permanent Location Current Location Shelving location Date acquired Total Checkouts Full call number Barcode Date last seen Price effective from Koha item type
          NUST Baluchistan Campus (NBC) NUST Baluchistan Campus (NBC) Dictionaries 05/04/2026   463.21 WIL QD-203 05/04/2026 05/04/2026 Book
© 2023 Central Library, National University of Sciences and Technology. All Rights Reserved.